000 00465nam a2200169 4500
001 127083
003 ES-MaACL
005 20230906192935.0
007 t|
008 070214s1922 mx r ||||1| spa d
100 1 _aReyes, Alfonso,
_d1889-1959
_996554
245 1 0 _aHuellas
_b: 1906-1919 /
_cAlfonso Reyes.
260 _aMéxico :
_bEditorial Andrés Botas e hijo,
_c1922.
300 _a189 p. ;
_c19 cm.
852 _aES-MaACL
_jF-12578
999 _c127083
_d127083